Santa's Reindeer Escape - Sudden Death - Statistics

General Stats
  • This quiz has been taken 91 times
    71 since last reset
  • The average score is 7 of 8
Answers on the Grid
Answers color-coded by a green-red scale on the quiz's grid according to % correct below.
πŸŽ„
πŸŽ…
β›„
πŸŽ„
πŸŽ…
πŸŽ„
πŸŽ…
πŸŽ„
β›„
πŸŽ„
πŸŽ…
πŸŽ„
β›„
πŸŽ„
πŸŽ…
πŸŽ„
πŸŽ…
πŸŽ„
β›„
🎁
πŸŽ„
πŸŽ…
πŸŽ„
πŸŽ…
πŸŽ„
β›„
🎁
πŸŽ„
πŸŽ…
β›„
πŸŽ„
πŸŽ…
🎁
πŸŽ„
β›„
πŸŽ„
πŸŽ…
πŸŽ„
β›„
πŸŽ„
πŸŽ…
πŸŽ„
🎁
β›„
πŸŽ…
πŸŽ„
β›„
πŸŽ…
🎁
β›„
πŸŽ„
πŸŽ…
β›„
πŸŽ…
πŸŽ„
🎁
πŸŽ…
β›„
πŸŽ„
πŸŽ…
πŸŽ„
🎁
β›„
πŸŽ„
πŸŽ…
πŸŽ„
πŸŽ„
β›„
πŸŽ…
🎁
🦌
🦌
🦌
🦌
🦌
🦌
🦌
🦌
🀢
🀢
🀢
🀢
🌟
🌟
🌟
🌟
🌟
🌟
β›„
β›„
β›„
β›„
β›„
β›„
β›„
β›„
πŸŽ…
πŸŽ…
πŸŽ…
πŸŽ…
 
Answer Stats
Answer % Correct
🦌
94%
🦌
93%
🦌
89%
🦌
87%
🦌
87%
🦌
87%
🦌
85%
🦌
83%
No matching quizzes found
Score Distribution
Percent of People with Each Score
Percentile by Number Answered
Your Score History
You have not taken this quiz since the last reset